000 00450nam a2200121Ia 4500
008 220615s9999||||xx |||||||||||||| ||und||
245 4 _aThe Lifework of a Labor Historian: Essays in Honor of Marcel van der Linden
546 _aEnglish[eng]
650 _aSocial & cultural history
700 _aBosma, Ulbe||Hofmeester, Karin
856 _uhttps://library.oapen.org/bitstream/20.500.12657/37817/1/9789004386617_webready_content_text.pdf
942 _cEB
999 _c18895
_d18895